| 000 | 00535nam a2200145 a 4500 | ||
|---|---|---|---|
| 008 | 120416s1966 ||||||||||||||||| || u | ||
| 050 | _aPR 4558 Dic | ||
| 100 | _aDickens, Charles | ||
| 245 | 1 | 4 |
_aThe personal history of David Copperfield _cedited by Trevor Blount |
| 260 |
_aMiddlesex _bPenguin _c1966 |
||
| 300 | _a956p. : ill. | ||
| 350 | _a0.00 | ||
| 700 | _aBlount, Trevor | ||
| 995 |
_D0.00 _FCBU-MAIN LIBRARY (Kitwe) _H1 _I1.75 _M1 _UAVAILABLE _ZAnnex Low-Usage Collection |
||
| 999 |
_c53380 _d53380 |
||